| 000 | 00361nam a2200157Ia 4500 | ||
|---|---|---|---|
| 003 | OSt | ||
| 005 | 20240219103656.0 | ||
| 008 | 170524s9999 xx 000 0 und d | ||
| 020 | _a978-9353161170 | ||
| 040 | _cIIMT UNIVERSITY | ||
| 100 | _aCHASE RICHARD B | ||
| 100 | _c2012 | ||
| 245 | 0 | _aOPERATIONS AND SUPPLY MANAGEMENT | |
| 260 | _aTMH | ||
| 942 |
_2ddc _c01 |
||
| 999 |
_c2916 _d2916 |
||